| 000 | 00809cam a22002655a 4500 | ||
|---|---|---|---|
| 999 |
_c27415 _d27386 |
||
| 005 | 20190520142548.0 | ||
| 008 | 981028t1999 txua frb 001 0 eng d | ||
| 020 | _a0030224721 | ||
| 020 | _a9780030224720 | ||
| 040 |
_aDLC _beng _cDLC _dEG-ScBUE _dEG-ScBUE |
||
| 082 | 0 | 4 |
_a658 _bBOO _222 |
| 100 | 1 | _aBoone, Louis E. | |
| 245 | 1 | 0 |
_aContemporary business / _cLouis E. Boone, David L. Kurtz. |
| 250 | _a9th ed. | ||
| 260 |
_aOrlando, FL. : _bDryden Press, _cc.1999. |
||
| 300 |
_a1 v. (various pagings) : _bill. (col.) ; _c28 cm. |
||
| 504 | _aIncludes bibliographical references and indexe. | ||
| 541 | _a Dr. Mahitab Shahin ; | ||
| 650 | 7 |
_aManagement. _2BUEsh |
|
| 650 | 7 |
_aBusiness. _2BUEsh |
|
| 651 | _2BUEsh | ||
| 653 |
_bBUSADM _cApril2019 |
||
| 700 | 1 | _aKurtz, David L. | |
| 942 | _2ddc | ||